|
|
|
|
| LEADER |
00951nam a2200217 a 4500 |
| 001 |
GR-MES4320 |
| 008 |
991111s1991 gr 000 0 gre d |
| 020 |
|
|
|a 960250028X
|
| 040 |
|
|
|a GrPaTEI
|b gre
|c GR-PaULI
|
| 245 |
0 |
0 |
|a Επτά δοκίμια και μελετήματα για τον Καβάφη (1936-1974).
|
| 260 |
|
|
|a Αθήνα :
|b Μορφωτικό Ιδρυμα Εθνικής Τράπεζας,
|c 1991
|
| 300 |
|
|
|a 275σελ.
|
| 600 |
1 |
7 |
|a Καβάφης, Κωνσταντίνος Π.,
|d 1863-1933
|2 mitos
|
| 650 |
|
4 |
|a Δοκίμια
|
| 650 |
|
4 |
|a Μελέτες
|
| 700 |
1 |
|
|a Pontani, F.
|
| 710 |
0 |
|
|a Μορφωτικό Ιδρυμα Εθνικής Τράπεζας
|
| 942 |
|
|
|2 ddc
|
| 952 |
|
|
|0 0
|1 0
|2 ddc
|4 0
|6 920_000000000000000_PON
|7 0
|9 268981
|a MSLG
|b MSLG
|c BSC
|d 2021-01-17
|e 24
|f 0
|g 0.00
|l 0
|o 920 PON
|p 2420000012810
|r 2021-01-17 00:00:00
|t 1
|w 2021-01-17
|y BK15
|x 19991111 0 1
|x GrPaTEI
|
| 971 |
|
|
|a .b25753666
|b 02-07-20
|c 13-09-16
|
| 999 |
|
|
|c 155074
|d 155074
|